Elaboración de un paquete de capacitación administrativa contable para micro y pequeña empresa del sector social : agropecuario y rural /

Збережено в:
Бібліографічні деталі
Автор: Barba Romo, Liliana (autor)
Інші автори: Hernández Tovar, Lorena Herlinda (autor) (autor)
Формат: Дисертація Книга
Мова:Іспанська
Предмети:
Теги: Додати тег
Немає тегів, Будьте першим, хто поставить тег для цього запису!

MARC

LEADER 00000nam^a2200000^a^4500
001 000113058
005 20250521000000.0
009 20260310093930.465
037 |a Acervo ITESO - Biblioteca 
041 |a ESP 
090 |a CPU. 293 
100 |a Barba Romo, Liliana  |e (autor) 
245 1 0 |a Elaboración de un paquete de capacitación administrativa contable para micro y pequeña empresa del sector social :  |b agropecuario y rural /  |c L. Barba Romo, L.H. Hernández Tovar. 
264 |a Guadalajara, México :  |b edición de autor,  |c 2000 
300 |a 225 p. 
336 |a texto  |b txt  |2 rdacontenido 
337 |a sin mediación  |b n  |2 rdamedio 
338 |a volumen  |b nc  |2 rdasoporte 
502 |a ITESO Tesis de Licenciatura en Contaduría Pública 
649 |a XX 
650 |a Industria Agropecuaria -  |x Administración 
650 |a Industria Agropecuaria -  |z Contabilidad 
650 |a Microempresa 
650 |a Pequeña Empresa 
650 |a Zonas Rurales 
650 |a Formación y Capacitación Laboral 
650 |a Contabilidad -  |x Estudio y Enseñanza 
650 |a Ciencias Administrativas 
700 |a Hernández Tovar, Lorena Herlinda  |e (autor) 
910 |a Fondo General 
920 |a Impresos - Tesis del ITESO 
930 |a Colección General 
905 |a 104 
901 |a 0500046873  |b IT2  |c TSS  |u 20250521 
902 |a https://opac.biblio.iteso.mx/vufind/Record/000113058